000 00662nam a22002177a 4500
003 UA-OsUOA
001 69340
007 ta
008 20100617b un ||||| |||| 00| 0 ukr d
100 _aДемська-Будзуляк Л.
090 _a82
_bД31
942 _cSA
040 _aUA-OsUOA
_bukr
_cUA-OsUOA
_dUA-OsUOA
245 _aІсторія літератури в Україні - проблеми та виклики сьогодення
300 _aС.145-153
955 _a0
041 _aukr
080 _a82
773 0 _w69339
_tСучасність
_dК.
_d2010
_g5
650 7 _a82 Література. Літературознавство
_2UDC
999 _c355587
_d355587